000 00787nam a2200241Ia 4500
003 OSt
005 20220923221244.0
006 a|||||r|||| 00| 0
007 ta
008 220922b |||||||| |||| 00| 0 hin d
024 _a196,004
037 _cTextual
040 _aARTS
_cARTS
_bhin
041 _2hin
_ahin
082 _aP15,C:3x4,1, 152K4
100 _aवर्मा, सत्यकाम
_9156279
245 0 _aभाषा तत्व और वाक्य पदीय
246 _aBhāṣhā tatva aur vākya padīya
260 _aदिल्ली
_b भारतीय प्रकाशन
_c1968
300 _a240पृ.
_ccm.
942 _hP15,C:3x4,1, 152K4
_cTEXL
_2CC
999 _c348094
_d348094